[Event "20th EUR-ch"]
[Site "Skopje MKD"]
[Date "2019.03.24"]
[Round "6"]
[White "Zoler, Dan"]
[Black "Saraci, Nderim"]
[Result "1/2-1/2"]
[WhiteElo "2513"]
[BlackElo "2391"]
[EventDate "2019.03.18"]
[Board "93"]
[PlyCount "165"]

1.d4 Nf6 2.c4 e6 3.Nf3 Bb4+ 4.Nbd2 b6 5.g3 Bb7 6.Bg2 O-O 7.O-O Bxd2 8.Qxd2
d6 9.b3 Nbd7 10.Bb2 Be4 11.Qc3 Qe7 12.Bh3 c5 13.Nd2 Bb7 14.f3 d5 15.Rfd1 
Rfe8 16.Nf1 e5 17.dxe5 d4 18.exf6 Qxe2 19.Qd3 Qxd3 20.Rxd3 Ne5 21.Rdd1 
Nxf3+ 22.Kf2 Ng5 23.Bd7 Ne4+ 24.Kg1 Ng5 25.Bg4 Re2 26.Rd2 Rae8 27.h4 Bf3 
28.hxg5 Bxg4 29.Rad1 R2e5 30.Rc1 Re2 31.Rcc2 Re1 32.Kf2 Bd1 33.Rc1 R8e2+ 
34.Rxe2 Rxe2+ 35.Kf3 Re1+ 36.Kg2 Re2+ 37.Kh3 Bc2 38.Ba1 Be4 39.g4 Rxa2 40.
Re1 Bg2+ 41.Kg3 Bc6 42.Kf4 gxf6 43.gxf6 Bd7 44.g5 h6 45.gxh6 Kh7 46.Ng3 
Rf2+ 47.Ke5 Bg4 48.Ne4 Rf5+ 49.Kd6 Bf3 50.Nd2 Rxf6+ 51.Ke7 Rf5 52.b4 Bb7 
53.bxc5 bxc5 54.Kd6 Kxh6 55.Nb3 Ba6 56.Rc1 d3 57.Nd2 Kh5 58.Bc3 Bb7 59.Ra1
a6 60.Kc7 Bg2 61.Rxa6 Kg4 62.Rd6 Rf2 63.Kb6 f5 64.Kxc5 f4 65.Kd4 Re2 66.c5
f3 67.c6 f2 68.c7 Bb7 69.Rf6 Kg3 70.Kxd3 Rxd2+ 71.Kxd2 Kg2 72.Rg6+ Kf3 73.
Rf6+ Kg2 74.Ke2 Ba6+ 75.Ke3 f1=Q 76.Rxf1 Kxf1 77.Kd4 Kg2 78.Kc5 Kh1 79.Kb6
Bc8 80.Ka7 Kg2 81.Kb8 Be6 82.c8=Q Bxc8 83.Kxc8 1/2-1/2

[Event "20th EUR-ch"]
[Site "Skopje MKD"]
[Date "2019.03.24"]
[Round "6"]
[White "Lewtak, Damian"]
[Black "Dragnev, Valentin"]
[Result "0-1"]
[WhiteElo "2379"]
[BlackElo "2511"]
[EventDate "2019.03.18"]
[Board "94"]
[PlyCount "64"]

1.e4 e5 2.Nf3 Nc6 3.Bb5 g6 4.Bxc6 dxc6 5.d4 exd4 6.Qxd4 Qxd4 7.Nxd4 Bg7 8.
Ne2 b6 9.Nbc3 Bb7 10.Bg5 h6 11.Bh4 g5 12.Bg3 O-O-O 13.h4 Ne7 14.hxg5 hxg5 
15.Rxh8 Bxh8 16.Rd1 Re8 17.Kd2 f5 18.Rh1 f4 19.Bh2 Bxc3+ 20.Nxc3 Rh8 21.f3
Ng6 22.Ke2 Ne5 23.Kf2 Nc4 24.g3 fxg3+ 25.Kxg3 Nxb2 26.Kg4 Nc4 27.Kxg5 Ba6 
28.Nd1 Nd2 29.Kf4 Be2 30.Ke3 Bxf3 31.Rg1 Rxh2 32.Nf2 Nxe4 0-1

[Event "20th EUR-ch"]
[Site "Skopje MKD"]
[Date "2019.03.24"]
[Round "6"]
[White "Sanal, Vahap"]
[Black "Kaasen, Tor Fredrik"]
[Result "1-0"]
[WhiteElo "2511"]
[BlackElo "2383"]
[EventDate "2019.03.18"]
[Board "95"]
[PlyCount "79"]

1.Nf3 c5 2.e4 d6 3.d4 cxd4 4.Nxd4 Nf6 5.Nc3 a6 6.Bg5 Nbd7 7.Qe2 h6 8.Bh4 
g6 9.O-O-O e5 10.Nb3 Be7 11.Qd2 b5 12.a3 Bb7 13.f3 Rc8 14.Kb1 Kf8 15.Be1 
Kg7 16.g4 Nb6 17.h4 d5 18.Qh2 Qc7 19.Bg3 Bd6 20.Bh3 Rce8 21.Rhe1 dxe4 22.
Nxe4 Nxe4 23.fxe4 Nc4 24.Bf1 Re6 25.h5 g5 26.c3 Rb8 27.Bxc4 bxc4 28.Rxd6 
Qxd6 29.Nd4 Kg8 30.Nxe6 Qxe6 31.Bxe5 Re8 32.Bd4 Bxe4+ 33.Ka2 Qxg4 34.Qd6 
Qe6 35.Rxe4 Qxe4 36.Qxh6 f6 37.Qxf6 Qh7 38.Qxg5+ Kf8 39.Qc5+ Kf7 40.Qd5+ 
1-0

[Event "20th EUR-ch"]
[Site "Skopje MKD"]
[Date "2019.03.24"]
[Round "6"]
[White "Jackson, James P"]
[Black "Mirzoev, Emil"]
[Result "0-1"]
[WhiteElo "2377"]
[BlackElo "2511"]
[EventDate "2019.03.18"]
[Board "96"]
[PlyCount "66"]

1.e4 e6 2.d4 d5 3.Nc3 Bb4 4.e5 Qd7 5.a3 Bxc3+ 6.bxc3 b6 7.Qg4 f5 8.Qg3 Nc6
9.a4 Bb7 10.h4 O-O-O 11.Nh3 Na5 12.Nf4 Qf7 13.Be2 Ne7 14.Bh5 g6 15.Be2 
Rdg8 16.Qg5 Kd7 17.Ba3 Nc4 18.Bxc4 dxc4 19.Bxe7 Qxe7 20.a5 b5 21.f3 h6 22.
Qxe7+ Kxe7 23.h5 g5 24.Ng6+ Rxg6 25.hxg6 Kf8 26.Rh5 Kg7 27.Kd2 f4 28.Rah1 
Bc6 29.Kc1 Be8 30.Rd1 Bxg6 31.Rhh1 c6 32.Rh2 h5 33.Rd2 Rh7 0-1

[Event "20th EUR-ch"]
[Site "Skopje MKD"]
[Date "2019.03.24"]
[Round "6"]
[White "Garayev, Kanan"]
[Black "Demuth, Adrien"]
[Result "0-1"]
[WhiteElo "2368"]
[BlackElo "2510"]
[EventDate "2019.03.18"]
[Board "97"]
[PlyCount "66"]

1.d4 Nf6 2.Nf3 e6 3.c4 Bb4+ 4.Nc3 c5 5.g3 Nc6 6.Bg2 Ne4 7.Bd2 Nxd2 8.Qxd2 
cxd4 9.Nxd4 O-O 10.O-O Ne5 11.b3 a6 12.Nc2 Be7 13.Rfd1 Rb8 14.Ne4 b5 15.
cxb5 d5 16.Nc3 axb5 17.e4 b4 18.Na4 dxe4 19.Qe2 Qa5 20.Bxe4 Bd7 21.Nb2 Bf6
22.a3 bxa3 23.Rxa3 Qc7 24.Nd3 Bb5 25.Ncb4 Rfd8 26.Qe1 Nxd3 27.Nxd3 Bc3 28.
Qe3 Bd4 29.Qf4 Qxf4 30.gxf4 f5 31.Bf3 Bxd3 32.Rxd3 Bxf2+ 33.Kxf2 Rxd3 0-1

[Event "20th EUR-ch"]
[Site "Skopje MKD"]
[Date "2019.03.24"]
[Round "6"]
[White "Iliaguev, Nisim"]
[Black "Blagojevic, Dragisa"]
[Result "1/2-1/2"]
[WhiteElo "2366"]
[BlackElo "2498"]
[EventDate "2019.03.18"]
[Board "98"]
[PlyCount "50"]

1.d4 d5 2.c4 e6 3.g3 dxc4 4.Bg2 Nf6 5.Nf3 Bb4+ 6.Bd2 a5 7.O-O O-O 8.Qc2 b5
9.a4 bxa4 10.Rxa4 Ba6 11.Bxb4 axb4 12.Rxb4 Nd5 13.Ra4 Nd7 14.Nc3 N7f6 15.
Ra3 Nd7 16.Ra4 N7b6 17.Ra3 Bb7 18.Rfa1 Qe7 19.Ne4 Nb4 20.Qb1 Rxa3 21.Rxa3 
Rd8 22.h4 h6 23.Ra7 Bd5 24.e3 Nc6 25.Ra1 e5 1/2-1/2

[Event "20th EUR-ch"]
[Site "Skopje MKD"]
[Date "2019.03.24"]
[Round "6"]
[White "Manea, Alexandru"]
[Black "Neverov, Valeriy"]
[Result "0-1"]
[WhiteElo "2357"]
[BlackElo "2496"]
[EventDate "2019.03.18"]
[Board "99"]
[PlyCount "46"]

1.d4 Nf6 2.Nf3 g6 3.c4 Bg7 4.Nc3 O-O 5.e4 d6 6.h3 c6 7.Be3 Nbd7 8.Be2 a6 
9.O-O e5 10.dxe5 dxe5 11.c5 Qe7 12.b4 a5 13.Qa4 Re8 14.Nd2 axb4 15.Qxa8 
bxc3 16.Nb3 Nxe4 17.Qa5 Ndf6 18.Bf3 h6 19.Rfe1 Ng5 20.Bxg5 hxg5 21.Qxc3 e4
22.Qc2 Kf8 23.Rac1 Qc7 0-1

[Event "20th EUR-ch"]
[Site "Skopje MKD"]
[Date "2019.03.24"]
[Round "6"]
[White "Krstulovic, Alex"]
[Black "Sargsian, Shant"]
[Result "0-1"]
[WhiteElo "2351"]
[BlackElo "2488"]
[EventDate "2019.03.18"]
[Board "100"]
[PlyCount "78"]

1.d4 e6 2.c4 b6 3.e4 Bb7 4.Bd3 Nc6 5.Nf3 Nb4 6.Nc3 Nxd3+ 7.Qxd3 Ne7 8.O-O 
Ng6 9.Be3 Be7 10.Nd2 O-O 11.f4 f5 12.Rae1 Bb4 13.d5 Bxc3 14.bxc3 Ne7 15.
Bd4 c5 16.Bf2 Ng6 17.Be3 Qf6 18.e5 Qf7 19.Nf3 h6 20.Rd1 Ne7 21.d6 Nc6 22.
Nd2 Qh5 23.Rb1 Rab8 24.Rf3 Kh7 25.Rh3 Qg6 26.Rg3 Qf7 27.Qe2 Ba6 28.a4 Na5 
29.h4 Qe8 30.h5 Qc8 31.Ra1 Bxc4 32.Nxc4 Qa6 33.Qf3 Qxc4 34.Rxg7+ Kxg7 35.
Qg3+ Kh8 36.Qg6 Rf7 37.Qxf7 Rg8 38.Rf1 Qe4 39.Rf3 Nc4 0-1

[Event "20th EUR-ch"]
[Site "Skopje MKD"]
[Date "2019.03.24"]
[Round "6"]
[White "Diermair, Andreas"]
[Black "Ayats Llobera, Gerard"]
[Result "1-0"]
[WhiteElo "2478"]
[BlackElo "2377"]
[EventDate "2019.03.18"]
[Board "101"]
[PlyCount "79"]

1.d4 d5 2.c4 c6 3.Nf3 Nf6 4.Nc3 e6 5.e3 Nbd7 6.Qc2 Bd6 7.Bd3 O-O 8.O-O 
dxc4 9.Bxc4 e5 10.Bb3 Qe7 11.h3 Bc7 12.a3 h6 13.Nh4 Rd8 14.Bd2 Nf8 15.Rac1
exd4 16.exd4 Rxd4 17.Rfe1 Qd8 18.Nf3 Rd3 19.Bc4 Rxf3 20.gxf3 Bxh3 21.Rcd1 
Qd6 22.f4 Qc5 23.Ne4 Qf5 24.Nxf6+ Qxf6 25.Qc3 Qf5 26.Qg3 Bg4 27.Re7 Bxd1 
28.Bc3 g6 29.Rxc7 Ne6 30.Re7 Qc5 31.Bxe6 Qxe7 32.Qxg6+ Kf8 33.Qg7+ Ke8 34.
Qg8+ Qf8 35.Bxf7+ Kd7 36.Qg6 Rd8 37.Be5 Kc8 38.Be6+ Rd7 39.Bxd7+ Kxd7 40.
Qd3+ 1-0

[Event "20th EUR-ch"]
[Site "Skopje MKD"]
[Date "2019.03.24"]
[Round "6"]
[White "Borsuk, Konstantin"]
[Black "Livaic, Leon"]
[Result "1-0"]
[WhiteElo "2346"]
[BlackElo "2477"]
[EventDate "2019.03.18"]
[Board "102"]
[PlyCount "71"]

1.d4 Nf6 2.c4 e6 3.Nc3 Bb4 4.Qc2 Nc6 5.Nf3 d6 6.a3 Bxc3+ 7.Qxc3 O-O 8.g3 
e5 9.d5 Ne7 10.Bg2 h6 11.Nd2 Bd7 12.O-O Qc8 13.e4 Bh3 14.c5 Bxg2 15.Kxg2 
Qd7 16.f3 Nh7 17.g4 h5 18.h3 g6 19.gxh5 gxh5 20.f4 exf4 21.Nc4 f5 22.Bxf4 
fxe4 23.Qg3+ Kh8 24.cxd6 cxd6 25.Nxd6 Nxd5 26.Be5+ Nhf6 27.Kh2 Qg7 28.
Qxg7+ Kxg7 29.Nxe4 Rae8 30.Rf5 Kg6 31.Rg5+ Kh6 32.Rag1 Re6 33.Bxf6 Nxf6 
34.Rg6+ Kh7 35.Ng5+ Kxg6 36.Nxe6+ 1-0

[Event "20th EUR-ch"]
[Site "Skopje MKD"]
[Date "2019.03.24"]
[Round "6"]
[White "Lazov, Toni"]
[Black "Lodici, Lorenzo"]
[Result "1/2-1/2"]
[WhiteElo "2332"]
[BlackElo "2474"]
[EventDate "2019.03.18"]
[Board "103"]
[PlyCount "148"]

1.e4 e5 2.Nf3 Nc6 3.Bc4 Nf6 4.d3 Bc5 5.c3 d6 6.O-O O-O 7.h3 a5 8.a4 h6 9.
Nbd2 Ba7 10.Re1 Ne7 11.Bb3 Ng6 12.d4 Re8 13.dxe5 Nxe5 14.Nxe5 Rxe5 15.Nf3 
Rxe4 16.Rxe4 Nxe4 17.Bxf7+ Kh8 18.Be3 Bxe3 19.fxe3 Qe7 20.Ba2 Be6 21.Bb1 
Bg8 22.Bxe4 Qxe4 23.Qd4 Bh7 24.Qxe4 Bxe4 25.Nd2 Bc6 26.b3 Kg8 27.Kf2 Kf7 
28.e4 Re8 29.Re1 Kf6 30.c4 Re5 31.Ke3 Ke7 32.Rf1 b6 33.g4 h5 34.Rf5 hxg4 
35.hxg4 Bd7 36.Rf4 g5 37.Rf1 Bxg4 38.Rh1 Kf6 39.Rf1+ Kg7 40.Rg1 Bh5 41.Nf1
Bg6 42.Ng3 Kf6 43.Rf1+ Ke7 44.Rh1 Re6 45.Rh8 Rf6 46.Rc8 Kd7 47.Rg8 Kc6 48.
Rg7 Kb7 49.Ne2 Kc8 50.Nc3 g4 51.Ne2 Rf3+ 52.Kd2 Bxe4 53.Rxg4 Rd3+ 54.Kc2 
Bf5 55.Rf4 Bh7 56.Rf7 Rh3+ 57.Kb2 Rh2 58.Kc3 Bb1 59.Re7 Rh3+ 60.Kb2 Kd8 
61.Rg7 Rh2 62.Kxb1 Rxe2 63.Kc1 Kc8 64.Rh7 Kb7 65.Rg7 Kc6 66.Rh7 Rg2 67.Rf7
Kb7 68.Rh7 Kc8 69.Rf7 Kd8 70.Rh7 Re2 71.Rg7 Re7 72.Rg8+ Kd7 73.Kd2 Kc6 74.
Rg5 Kd7 1/2-1/2

[Event "20th EUR-ch"]
[Site "Skopje MKD"]
[Date "2019.03.24"]
[Round "6"]
[White "Gumularz, Szymon"]
[Black "Serarols Mabras, Bernat"]
[Result "1-0"]
[WhiteElo "2473"]
[BlackElo "2363"]
[EventDate "2019.03.18"]
[Board "104"]
[PlyCount "74"]

1.e4 c6 2.d4 d5 3.e5 c5 4.Nf3 cxd4 5.Nxd4 e6 6.Nd2 Nc6 7.N2f3 Bd7 8.Bd3 
Nge7 9.O-O Nxd4 10.Nxd4 Nc6 11.Nxc6 Bxc6 12.Qg4 Qc7 13.Re1 g6 14.Be3 Be7 
15.Bd4 Qd7 16.c3 Bb5 17.Bc2 Qc7 18.a4 Bd7 19.Re3 Bc5 20.Bxc5 Qxc5 21.Rf3 
Rc8 22.Qf4 Qe7 23.Rd1 Rc4 24.Rd4 Rxd4 25.Qxd4 b6 26.Rf6 O-O 27.h4 Rc8 28.
Bd3 Qf8 29.Qf4 Qg7 30.h5 Be8 31.Qg5 h6 32.Qf4 g5 33.Qb4 Rc5 34.a5 Qf8 35.
axb6 axb6 36.Qxb6 Kg7 37.Qa7 Kg8 1-0

[Event "20th EUR-ch"]
[Site "Skopje MKD"]
[Date "2019.03.24"]
[Round "6"]
[White "Petriashvili, Nikoloz"]
[Black "Mihajlov, Sebastian"]
[Result "1/2-1/2"]
[WhiteElo "2465"]
[BlackElo "2356"]
[EventDate "2019.03.18"]
[Board "106"]
[PlyCount "68"]

1.d4 Nf6 2.Nf3 d5 3.g3 g6 4.Bg2 Bg7 5.O-O O-O 6.c4 c6 7.cxd5 cxd5 8.Nc3 
Nc6 9.Ne5 Ng4 10.Nxc6 bxc6 11.h3 Nh6 12.e3 Nf5 13.Bd2 Nd6 14.Na4 Ne4 15.
Rc1 Nxd2 16.Qxd2 Qd6 17.Qa5 Bd7 18.Nc5 e5 19.dxe5 Bxe5 20.Nxd7 Qxd7 21.b3 
Rfc8 22.Rc2 Rc7 23.Rfc1 Rac8 24.b4 Qe7 25.a3 d4 26.Re2 Qd6 27.Qc5 dxe3 28.
Qxe3 Bd4 29.Rd1 Rd8 30.Red2 Bxe3 31.Rxd6 Rxd6 32.Rxd6 Bc1 33.Rd3 c5 34.
bxc5 Rxc5 1/2-1/2

[Event "20th EUR-ch"]
[Site "Skopje MKD"]
[Date "2019.03.24"]
[Round "6"]
[White "Protopopova, Anastasiya"]
[Black "Del Rio Angelis, Salvador Gabriel"]
[Result "1/2-1/2"]
[WhiteElo "2263"]
[BlackElo "2464"]
[EventDate "2019.03.18"]
[Board "107"]
[PlyCount "72"]

1.d4 e6 2.c4 f5 3.g3 Nf6 4.Bg2 c6 5.Nh3 d6 6.O-O Be7 7.Nc3 O-O 8.e4 e5 9.
dxe5 dxe5 10.Qxd8 Rxd8 11.f4 exf4 12.Bxf4 Na6 13.Rad1 Rxd1 14.Rxd1 fxe4 
15.Nf2 Be6 16.b3 Nb4 17.Bd6 Bxd6 18.Rxd6 e3 19.Rxe6 exf2+ 20.Kxf2 Rd8 21.
Re7 Nd7 22.Ke2 a5 23.Bh3 Nc5 24.Bf5 Nba6 25.Ne4 Kf8 26.Re5 Nd3 27.Rxa5 
Nc1+ 28.Ke3 g6 29.Bg4 Nb4 30.Ra7 Nc2+ 31.Kf4 Rd4 32.Bf3 h6 33.Ke5 Rd7 34.
Bg4 Rd4 35.Bf3 Rd7 36.Bg4 Rd4 1/2-1/2

[Event "20th EUR-ch"]
[Site "Skopje MKD"]
[Date "2019.03.24"]
[Round "6"]
[White "Yankelevich, Lev"]
[Black "Krykun, Yuriy"]
[Result "1/2-1/2"]
[WhiteElo "2462"]
[BlackElo "2342"]
[EventDate "2019.03.18"]
[Board "108"]
[PlyCount "52"]

1.d4 Nf6 2.c4 e6 3.Nf3 d5 4.g3 Bb4+ 5.Nc3 O-O 6.Bg2 dxc4 7.O-O Nc6 8.Qa4 
Nd5 9.Qc2 Be7 10.Rd1 Rb8 11.e4 Ncb4 12.Qd2 Nxc3 13.Qxc3 b5 14.b3 Bb7 15.
Ne1 cxb3 16.axb3 Nc6 17.Bb2 Bb4 18.Qe3 Bxe1 19.Qxe1 a6 20.d5 exd5 21.Rxd5 
Qe7 22.Qc3 f6 23.Rc5 Qe6 24.Rc1 Rbd8 25.Rxc6 Bxc6 26.Qxc6 Qxb3 1/2-1/2

[Event "20th EUR-ch"]
[Site "Skopje MKD"]
[Date "2019.03.24"]
[Round "6"]
[White "Csiki, Endre"]
[Black "Kalezic, Blazo"]
[Result "1/2-1/2"]
[WhiteElo "2251"]
[BlackElo "2460"]
[EventDate "2019.03.18"]
[Board "109"]
[PlyCount "87"]

1.e4 c6 2.c4 g6 3.d4 Bg7 4.Nc3 d5 5.cxd5 cxd5 6.Nxd5 e6 7.Nc3 Bxd4 8.Bb5+ 
Nc6 9.Nge2 Bb6 10.Qxd8+ Bxd8 11.Bxc6+ bxc6 12.Na4 e5 13.Bd2 Nf6 14.f3 Nd7 
15.Rc1 Nb6 16.Nc5 f6 17.O-O Nd7 18.Nxd7 Bxd7 19.Rfd1 Bb6+ 20.Kh1 Rc8 21.
Rc2 Be6 22.b3 Kf7 23.Rdc1 Rhd8 24.Nc3 Rd3 25.h3 Rcd8 26.Nb1 g5 27.Kh2 h5 
28.Rf1 g4 29.f4 g3+ 30.Kh1 exf4 31.Bxf4 Rd1 32.Rc1 Rxf1+ 33.Rxf1 Bf2 34.
Nc3 Bc8 35.Rd1 Rxd1+ 36.Nxd1 Ke6 37.Ne3 Bxe3 38.Bxe3 Ke5 39.Bxa7 Kxe4 40.
Bb8 h4 41.Bc7 Be6 42.Kg1 Bd5 43.Bd8 Kf5 44.Be7 1/2-1/2

[Event "20th EUR-ch"]
[Site "Skopje MKD"]
[Date "2019.03.24"]
[Round "6"]
[White "Blohberger, Felix"]
[Black "Rabatin, Jakub"]
[Result "1-0"]
[WhiteElo "2459"]
[BlackElo "2313"]
[EventDate "2019.03.18"]
[Board "110"]
[PlyCount "137"]

1.e4 c6 2.Nf3 d5 3.Nc3 Bg4 4.h3 Bxf3 5.Qxf3 e6 6.Be2 Nf6 7.O-O d4 8.Nb1 
Nbd7 9.d3 Bd6 10.g3 h5 11.h4 Ng4 12.Qg2 e5 13.Qh3 Ndf6 14.Nd2 Bc7 15.Nf3 
Qd7 16.Nh2 Nxh2 17.Kxh2 Ng4+ 18.Kg1 g6 19.f3 Nh6 20.Qxd7+ Kxd7 21.g4 f6 
22.gxh5 gxh5 23.Kh2 Nf7 24.Rg1 Rhg8 25.Bd2 Nh8 26.Rg3 Rxg3 27.Kxg3 Rg8+ 
28.Kf2 Ke7 29.f4 exf4 30.Bxh5 Rg7 31.Rh1 Rh7 32.Bg4 Nf7 33.Bf5 Rh8 34.h5 
Ng5 35.h6 Kf7 36.b4 Bd6 37.a4 Bf8 38.Bxf4 Bxb4 39.h7 Kg7 40.Bxg5 fxg5 41.
e5 a5 42.Kf3 b5 43.Rg1 Be7 44.Ke4 Rd8 45.Rb1 Bb4 46.axb5 cxb5 47.e6 Kf6 
48.Rh1 Kg7 49.Ke5 a4 50.Be4 Be7 51.Bc6 Kh8 52.Bxb5 a3 53.Bc4 Ra8 54.Kf5 
Rf8+ 55.Ke5 Ra8 56.Kf5 Rf8+ 57.Ke4 Rf4+ 58.Kd5 Rh4 59.Rf1 Rxh7 60.Kxd4 Rh6
61.Kc3 Rf6 62.Rb1 Rf2 63.Rb7 Bf6+ 64.Kb3 a2 65.Kxa2 Rxc2+ 66.Kb1 Re2 67.
Rf7 Bg7 68.e7 Kh7 69.Bb5 1-0

[Event "20th EUR-ch"]
[Site "Skopje MKD"]
[Date "2019.03.24"]
[Round "6"]
[White "Zlatin, Alexander"]
[Black "Colovic, Aleksandar"]
[Result "1/2-1/2"]
[WhiteElo "2243"]
[BlackElo "2449"]
[EventDate "2019.03.18"]
[Board "111"]
[PlyCount "139"]

1.e4 c6 2.c4 d5 3.exd5 cxd5 4.cxd5 Nf6 5.Qa4+ Nbd7 6.Nc3 g6 7.Nf3 Bg7 8.
Bb5 O-O 9.Bxd7 Nxd7 10.d4 Nb6 11.Qb3 e6 12.O-O Nxd5 13.Re1 Nf6 14.Bg5 b6 
15.Rad1 Bb7 16.Ne5 h6 17.Bxf6 Qxf6 18.d5 Rfe8 19.Ng4 Qg5 20.h3 Bxd5 21.
Nxd5 exd5 22.Rxe8+ Rxe8 23.Rxd5 Qc1+ 24.Kh2 Qc7+ 25.g3 h5 26.Qa4 b5 27.
Rxb5 hxg4 28.Qxg4 Qc6 29.Rb3 Re1 30.Rf3 Qc1 31.Rb3 Rh1+ 32.Kg2 Qf1+ 33.Kf3
Qd1+ 34.Kg2 Rg1+ 35.Kh2 Rh1+ 36.Kg2 Rg1+ 37.Kh2 Qxg4 38.hxg4 Rb1 39.Rb8+ 
Kh7 40.Rb7 Rxb2 41.Rxa7 Rxf2+ 42.Kh3 g5 43.a4 Kg6 44.Ra6+ Bf6 45.Rc6 Ra2 
46.Rc4 Be5 47.Re4 f6 48.Rc4 Bb8 49.a5 Rxa5 50.Rc3 Ra2 51.Rc8 Ra8 52.Rg8+ 
Kf7 53.Rh8 Ke6 54.Re8+ Kd7 55.Rf8 Kc7 56.Rxf6 Ba7 57.Rf5 Be3 58.Kg2 Ra3 
59.Rb5 Kd6 60.Rb2 Kd5 61.Re2 Bd4 62.Rc2 Rb3 63.Rd2 Rb2 64.Kh3 Rb3 65.Kg2 
Ke4 66.Kh3 Be5 67.Rg2 Kf3 68.Ra2 Bd4 69.Ra5 Be3 70.Rf5+ 1/2-1/2

[Event "20th EUR-ch"]
[Site "Skopje MKD"]
[Date "2019.03.24"]
[Round "6"]
[White "Godena, Michele"]
[Black "Oboladze, Luka"]
[Result "1-0"]
[WhiteElo "2449"]
[BlackElo "2340"]
[EventDate "2019.03.18"]
[Board "112"]
[PlyCount "81"]

1.e4 c5 2.Nf3 d6 3.d4 cxd4 4.Qxd4 Nc6 5.Bb5 Bd7 6.Qd3 Nf6 7.c4 a6 8.Bxc6 
Bxc6 9.Nc3 e6 10.O-O Be7 11.Nd4 Rc8 12.b3 O-O 13.Bb2 Qa5 14.Rfe1 Rc7 15.a4
Qh5 16.Rad1 Rd8 17.Ba3 Be8 18.h3 h6 19.Qe3 Nd7 20.Nf5 exf5 21.Nd5 Bg5 22.
f4 Bh4 23.Nxc7 Bxe1 24.Rxe1 Nf6 25.e5 dxe5 26.Be7 exf4 27.Qf3 Qxf3 28.gxf3
Rd3 29.Bxf6 Bc6 30.Be5 Rxb3 31.Nd5 Bxa4 32.Kf2 Bd7 33.Bxf4 Be6 34.Ne7+ Kh7
35.c5 Rb2+ 36.Kg3 g5 37.Be5 Rc2 38.Rd1 Bc4 39.f4 g4 40.Rd8 Rc1 41.Rh8# 1-0

[Event "20th EUR-ch"]
[Site "Skopje MKD"]
[Date "2019.03.24"]
[Round "6"]
[White "Tomerlin, Sinisa"]
[Black "Draskovic, Luka"]
[Result "1/2-1/2"]
[WhiteElo "2192"]
[BlackElo "2449"]
[EventDate "2019.03.18"]
[Board "113"]
[PlyCount "111"]

1.Nf3 Nf6 2.g3 b6 3.Bg2 Bb7 4.O-O g6 5.d3 Bg7 6.Nbd2 O-O 7.e4 c5 8.Re1 Nc6
9.c3 Rc8 10.a4 d6 11.Nc4 Nd7 12.Nfd2 a6 13.Qb3 Rb8 14.f4 Ba8 15.Qc2 b5 16.
axb5 axb5 17.Ne3 Nb6 18.Nf3 Bb7 19.Bd2 Qd7 20.Qb3 b4 21.Nd5 Qd8 22.Qc2 e6 
23.Ne3 Ra8 24.Ng4 Nd7 25.Be3 Qb6 26.f5 Rxa1 27.Rxa1 exf5 28.exf5 Nce5 29.
Nfxe5 Nxe5 30.Nxe5 Bxe5 31.Bxb7 Qxb7 32.Rf1 bxc3 33.bxc3 Rb8 34.f6 Qb3 35.
Qxb3 Rxb3 36.d4 cxd4 37.Bxd4 Kf8 38.Ra1 Ke8 39.Bxe5 dxe5 40.Ra5 Rxc3 41.
Rxe5+ Kd8 42.Rd5+ Kc7 43.g4 Rf3 44.g5 Rf5 45.Rxf5 gxf5 46.Kf2 Kd6 47.Kf3 
Ke5 48.h4 f4 49.h5 Kf5 50.g6 hxg6 51.hxg6 Kxg6 52.Kg4 f3 53.Kxf3 Kf5 54.
Kg3 Kxf6 55.Kf4 Ke6 56.Ke4 1/2-1/2

[Event "20th EUR-ch"]
[Site "Skopje MKD"]
[Date "2019.03.24"]
[Round "6"]
[White "Dedebas, Emre Emin"]
[Black "Gazik, Viktor"]
[Result "1/2-1/2"]
[WhiteElo "2319"]
[BlackElo "2535"]
[EventDate "2019.03.18"]
[Board "114"]
[PlyCount "158"]

1.d4 Nf6 2.Nf3 e6 3.c4 Bb4+ 4.Bd2 a5 5.g3 d6 6.Bg2 Nbd7 7.O-O e5 8.Be3 O-O
9.Qc2 h6 10.Nc3 Ng4 11.Bd2 c6 12.a3 Bxc3 13.Bxc3 exd4 14.Nxd4 Nb6 15.Nf5 
Bxf5 16.Qxf5 Qg5 17.Qxg5 hxg5 18.Rfd1 Nxc4 19.Rd4 Nce5 20.Rxd6 Rfe8 21.
Rad1 Nf6 22.h3 Nc4 23.R6d4 Nb6 24.e3 Nfd5 25.Bd2 f6 26.Bf1 Nc7 27.Be1 Ne6 
28.Rd6 Kf7 29.Be2 g6 30.Kg2 Nc7 31.R6d3 Ncd5 32.Bf3 Re7 33.Rb3 a4 34.Rbd3 
f5 35.Rd4 Nf6 36.Bb4 Re6 37.Be1 Nbd5 38.Rc1 Ra6 39.Bd2 Re8 40.Rc2 Ra7 41.
Rcc4 Nb6 42.Rc5 Nbd7 43.Ra5 Rxa5 44.Bxa5 Ne5 45.Be2 b5 46.Be1 Ke6 47.g4 
Nd5 48.Rd1 Rd8 49.Bd2 f4 50.Bc1 fxe3 51.fxe3 Rf8 52.Rf1 Rxf1 53.Kxf1 Nf6 
54.Bd1 Nd3 55.Bd2 Nxb2 56.Bc2 Nc4 57.Bc1 Nd5 58.Kf2 Nc3 59.e4 Kf6 60.Ke1 
c5 61.Bd3 Ne5 62.Kd2 b4 63.Bb2 Nf3+ 64.Ke3 Ne1 65.Kd2 Nf3+ 66.Ke3 Nd4 67.
Kd2 Nb3+ 68.Kc2 Nd4+ 69.Kd2 Na2 70.Bb1 b3 71.Kd3 Ke6 72.Kc4 Ne2 73.Bd3 
Nec1 74.Bf1 Kd6 75.e5+ Kc6 76.Bg2+ Kc7 77.Bf1 Kc6 78.Bg2+ Kc7 79.Bf1 Kc6 
1/2-1/2

[Event "20th EUR-ch"]
[Site "Skopje MKD"]
[Date "2019.03.24"]
[Round "6"]
[White "Milosevic, Milos"]
[Black "Matvyishen, Viktor"]
[Result "1-0"]
[WhiteElo "2299"]
[BlackElo "2490"]
[EventDate "2019.03.18"]
[Board "115"]
[PlyCount "79"]

1.e4 e5 2.Nf3 Nc6 3.Nc3 Nf6 4.Bb5 Bb4 5.O-O O-O 6.d3 d6 7.Bg5 Bxc3 8.bxc3 
h6 9.Bh4 Na5 10.d4 Qe7 11.Re1 a6 12.Bf1 Bg4 13.h3 Bxf3 14.Qxf3 g5 15.Bg3 
Qe6 16.c4 Nd7 17.Qc3 b6 18.dxe5 dxe5 19.c5 Rfe8 20.cxb6 cxb6 21.Rad1 Rac8 
22.Qb2 Nc4 23.Qb4 b5 24.a4 bxa4 25.Qxa4 Nf6 26.Qb3 Rc6 27.Ra1 Rec8 28.Ra4 
Nd7 29.Rea1 Nd2 30.Qxe6 Rxe6 31.Rxa6 Nxe4 32.Rxe6 fxe6 33.Bh2 Nef6 34.c4 
Rc5 35.Rb1 Kf7 36.Rb5 Rxb5 37.cxb5 Ke7 38.f3 Kd6 39.Bg3 Nd5 40.h4 1-0

[Event "20th EUR-ch"]
[Site "Skopje MKD"]
[Date "2019.03.24"]
[Round "6"]
[White "Sadikhov, Ulvi"]
[Black "Tsvetkov, Andrey"]
[Result "1-0"]
[WhiteElo "2488"]
[BlackElo "2322"]
[EventDate "2019.03.18"]
[Board "116"]
[PlyCount "35"]

1.b3 d5 2.Bb2 Bg4 3.h3 Bh5 4.d3 c6 5.Nd2 Nd7 6.Ngf3 f6 7.e4 e5 8.Be2 a5 9.
d4 dxe4 10.Nxe4 Bxf3 11.gxf3 exd4 12.Qxd4 Qc7 13.O-O-O Nh6 14.Bc4 Be7 15.
Rhe1 Ne5 16.Nc5 Bxc5 17.Qxc5 b6 18.Bxe5 1-0

[Event "20th EUR-ch"]
[Site "Skopje MKD"]
[Date "2019.03.24"]
[Round "6"]
[White "Bakalchuk, Johnatan"]
[Black "Petkov, Momchil"]
[Result "1-0"]
[WhiteElo "2471"]
[BlackElo "2296"]
[EventDate "2019.03.18"]
[Board "117"]
[PlyCount "135"]

1.e4 c6 2.d4 d5 3.exd5 cxd5 4.c4 Nf6 5.Nc3 g6 6.Qb3 Bg7 7.cxd5 O-O 8.Be2 
Na6 9.Bf3 Qb6 10.Nge2 Rd8 11.O-O Bg4 12.Bxg4 Nxg4 13.Qxb6 axb6 14.Bf4 Nf6 
15.d6 exd6 16.Nb5 d5 17.a3 Nd7 18.Rac1 Nf8 19.Be3 Ne6 20.Nf4 Nxf4 21.Bxf4 
Rac8 22.Rfe1 Rxc1 23.Rxc1 h5 24.f3 Re8 25.Kf2 Bf6 26.Rc3 Kg7 27.Be3 Re6 
28.g3 Rc6 29.Ke2 Kf8 30.Kd3 Ke7 31.h4 Kd7 32.Bf4 Be7 33.Rb3 Rc8 34.Nc3 Kc6
35.Na4 Bd8 36.Rc3+ Kd7 37.Rxc8 Kxc8 38.Nc3 f6 39.Nxd5 g5 40.hxg5 fxg5 41.
Be5 h4 42.gxh4 gxh4 43.f4 Nb8 44.Ke4 Nc6 45.Kf3 Kd7 46.f5 Na5 47.Ne3 Bg5 
48.b4 Nb3 49.Nd5 b5 50.Kg4 Bd8 51.Nc3 Nd2 52.Nxb5 Nc4 53.Bf4 Kc6 54.a4 Kd5
55.Nc7+ Ke4 56.Ne6 Be7 57.b5 h3 58.Nc5+ Kxd4 59.Nxb7 Ke4 60.Bc7 Ne3+ 61.
Kxh3 Nd5 62.Bd6 Bf6 63.a5 Kxf5 64.a6 Nb6 65.Bc5 Na8 66.b6 Be7 67.Nd6+ Bxd6
68.b7 1-0

[Event "20th EUR-ch"]
[Site "Skopje MKD"]
[Date "2019.03.24"]
[Round "6"]
[White "Tutisani, Noe"]
[Black "Chittka, Julius"]
[Result "1-0"]
[WhiteElo "2467"]
[BlackElo "2288"]
[EventDate "2019.03.18"]
[Board "118"]
[PlyCount "77"]

1.e4 c5 2.Nf3 Nc6 3.d4 cxd4 4.Nxd4 Nf6 5.Nc3 e5 6.Ndb5 d6 7.Nd5 Nxd5 8.
exd5 Nb8 9.c4 a6 10.Nc3 Be7 11.Be2 O-O 12.Be3 f5 13.f3 Bh4+ 14.g3 f4 15.
Bf2 Be7 16.Qc2 Nd7 17.Bd3 h6 18.Qe2 Bg5 19.h4 fxg3 20.hxg5 gxf2+ 21.Kxf2 
Qxg5 22.Rag1 Qf4 23.Qe4 Qxe4 24.Nxe4 Nc5 25.Nxc5 dxc5 26.Rxh6 Bf5 27.Bxf5 
Rxf5 28.Rhg6 Rf7 29.Ke3 b5 30.Ke4 bxc4 31.d6 Raa7 32.Rd1 Kf8 33.Re6 Rad7 
34.Rxe5 Rf6 35.Rf5 Ke8 36.Rxf6 gxf6 37.Kd5 Rb7 38.Kc6 Rxb2 39.Kc7 1-0

[Event "20th EUR-ch"]
[Site "Skopje MKD"]
[Date "2019.03.24"]
[Round "6"]
[White "Ibanez Aullana, Ramon"]
[Black "Zwardon, Vojtech"]
[Result "0-1"]
[WhiteElo "2283"]
[BlackElo "2452"]
[EventDate "2019.03.18"]
[Board "119"]
[PlyCount "74"]

1.d4 Nf6 2.Nf3 e6 3.c4 c5 4.d5 b5 5.dxe6 fxe6 6.cxb5 a6 7.e3 d5 8.Nbd2 Bd6
9.b3 Qa5 10.a4 e5 11.Bb2 e4 12.Rb1 exf3 13.Bxf6 gxf6 14.Qxf3 Be5 15.Qxd5 
Ra7 16.b4 cxb4 17.Bc4 Rd7 18.Qe6+ Kd8 19.Rd1 Re8 20.Qf5 Bc3 21.O-O Bxd2 
22.Qxf6+ Kc7 23.Qf4+ Kb7 24.bxa6+ Ka7 25.Bb5 Red8 26.Bxd7 Rxd7 27.Rxd2 
Rxd2 28.e4 Rc2 29.h4 b3 30.Qf7+ Qc7 31.Qxb3 Bxa6 32.Rd1 Re2 33.Qd5 Bb7 34.
Qd4+ Ka8 35.a5 Rxe4 36.Qf6 Rg4 37.g3 Qc2 0-1